[Event "AUTO-OPEN-17"]
[Site "http://www.queenalice.com/game.php?id=3404"]
[Date "2005.1.5"]
[Round "2"]
[White "ArmerRitter"]
[Black "kynyo"]
[Result "1-0"]
[WhiteElo "1696"]
[BlackElo "1372"]

1. e4 e5 2. Nf3 d6 3. Bc4 h6 4. O-O Nf6 5. Nc3 c6 6. d4 exd4 7. Qxd4 Be7 8. Bf4
O-O 9. Rad1 c5 10. Qd3 Qb6 11. Bxd6 Bxd6 12. Qxd6 Qxb2 13. Qxc5 Qxc2 14. Bb3
Nxe4 15. Qxf8+ Kxf8 16. Bxc2 Nxc3 17. Rd8+ Ke7 18. Rxc8 Kd7 19. Bf5+ 1-0

[Event "AUTO-OPEN-17"]
[Site "http://www.queenalice.com/game.php?id=3405"]
[Date "2005.1.5"]
[Round "2"]
[White "RocknRoll"]
[Black "ArmerRitter"]
[Result "0-1"]
[WhiteElo "1662"]
[BlackElo "1806"]

1. Nf3 c6 2. Nc3 d5 3. d4 Bf5 4. e3 Nf6 5. h3 e6 6. a3 Bd6 7. Bd3 Bxd3 8. Qxd3
O-O 9. e4 dxe4 10. Nxe4 Nxe4 11. Qxe4 Nd7 12. O-O Nf6 13. Qe3 Qc7 14. c3 c5 15.
Rd1 cxd4 16. Nxd4 Rfd8 17. Nb5 Bh2+ 18. Kf1 Rxd1+ 19. Ke2 Qd7 20. Nd4 Rg1 21. g3
e5 22. Qxe5 Re8 23. Qxe8+ Qxe8+ 24. Kd2 Qe1+ 25. Kc2 Qxf2+ 26. Kb3 Rxg3 27. h4
Qxd4 28. Bg5 Qd5+ 29. Kc2 Rg2+ 30. Kb1 Ne4 31. Be3 Nxc3 32. bxc3 Qb5 33. Kc1 Qf1
0-1

[Event "AUTO-OPEN-17"]
[Site "http://www.queenalice.com/game.php?id=3406"]
[Date "2005.1.5"]
[Round "2"]
[White "ArmerRitter"]
[Black "RocknRoll"]
[Result "1-0"]
[WhiteElo "1762"]
[BlackElo "1675"]

1. e4 e5 2. Nf3 d6 3. Bc4 h6 4. O-O Nf6 5. Nc3 a6 6. d4 Nc6 7. dxe5 Nxe5 8. Nxe5
dxe5 9. Bxf7+ Ke7 10. Qxd8+ Kxd8 11. Be3 Bd6 12. Rad1 Ke7 13. Bg6 Bd7 14. f4 Ng4
15. fxe5 Nxe5 16. Nd5+ Kd8 17. Nb6 Nxg6 18. Nxa8 Ke7 19. Nxc7 Bxc7 20. Rf7+ Kxf7
21. Rxd7+ Kf6 22. Rxc7 Ne7 23. Bd4+ Kf7 24. Bc5 Rc8 25. Rxe7+ Kf6 26. e5+ Kg6
27. Bd4 Kf5 28. c3 b5 29. Rxg7 1-0

[Event "AUTO-OPEN-19"]
[Site "http://www.queenalice.com/game.php?id=3957"]
[Date "2005.1.18"]
[Round "2"]
[White "mandaragit"]
[Black "ArmerRitter"]
[Result "1-0"]
[WhiteElo "1964"]
[BlackElo "1689"]

1. d4 d5 2. c4 c6 3. Nf3 Nf6 4. Nc3 Bg4 5. Ne5 Be6 6. cxd5 cxd5 7. Bf4 Qb6 8.
Qa4+ Nc6 9. Nxc6 bxc6 10. e3 Nh5 11. Be5 f6 12. Bg3 Nxg3 13. hxg3 Rb8 14. b3 Bd7
15. Qa6 e5 16. Qxb6 axb6 17. Be2 Bb4 18. Kd2 Ra8 19. Kc2 O-O 20. Rhd1 Rfe8 21.
Bd3 exd4 22. exd4 Bg4 23. f3 Bd7 24. a4 g6 25. Re1 f5 26. Re2 Rxe2 27. Nxe2 Re8
28. Rd1 Re3 29. Nf4 g5 30. Ne2 1-0

[Event "AUTO-OPEN-19"]
[Site "http://www.queenalice.com/game.php?id=3958"]
[Date "2005.1.18"]
[Round "2"]
[White "ArmerRitter"]
[Black "mandaragit"]
[Result "1-0"]
[WhiteElo "1779"]
[BlackElo "2043"]

1. e4 e6 2. d4 d5 3. Nc3 Nf6 4. exd5 exd5 5. Nf3 Bg4 6. h3 Bh5 7. Bg5 Be7 8. g4
Bg6 9. Ne5 c6 10. Bg2 O-O 11. O-O Ne8 12. Bxe7 Qxe7 13. Re1 Qc7 14. f4 f6 15.
Nxg6 hxg6 16. Qd3 Qf7 17. Re2 Nd6 18. Rae1 Re8 19. Rxe8+ Nxe8 20. f5 g5 21. Nxd5
Na6 22. Ne7+ Kh7 23. h4 1-0

[Event "AUTO-OPEN-22"]
[Site "http://www.queenalice.com/game.php?id=4522"]
[Date "2005.2.1"]
[Round "2"]
[White "ArmerRitter"]
[Black "RocknRoll"]
[Result "1-0"]
[WhiteElo "1795"]
[BlackElo "1675"]

1. e4 e5 2. Nf3 d6 3. Bc4 Nf6 4. Nc3 Nc6 5. Ng5 Be6 6. Nxe6 fxe6 7. Bxe6 g6 8.
O-O Qe7 9. Nd5 Nxd5 10. Bxd5 Qd7 11. d3 Be7 12. Bh6 Bf6 13. f4 O-O-O 14. fxe5
Bxe5 15. Rf7 Qe8 16. Qg4 Kb8 17. c3 Ne7 18. Raf1 c6 19. Be6 d5 20. Bf4 Bd6 21.
Qg3 Bxf4 22. Qxf4+ Ka8 23. Qc7 a6 24. Rxe7 Qxe7 25. Qxe7 Rde8 26. Qg7 Rb8 27.
exd5 c5 28. Rf7 Rbg8 29. Qh6 Ka7 30. Qe3 Kb6 31. b4 Ka7 32. bxc5 Rb8 33. c6+ Ka8
34. Qb6 1-0

[Event "AUTO-OPEN-22"]
[Site "http://www.queenalice.com/game.php?id=4523"]
[Date "2005.2.1"]
[Round "2"]
[White "RocknRoll"]
[Black "ArmerRitter"]
[Result "1-0"]
[WhiteElo "1686"]
[BlackElo "1784"]

1. Nf3 c6 2. Nc3 d5 3. d4 Bf5 4. Bf4 e6 5. g3 Bd6 6. e3 Bxf4 7. exf4 Nf6 8. Bg2
Qb6 9. Na4 Qb5 10. c3 Nbd7 11. Bf1 Qa5 12. b4 Qc7 13. Bg2 O-O 14. O-O b6 15. a3
c5 16. Nb2 Rac8 17. dxc5 bxc5 18. Rc1 Rfe8 19. Nd3 Qd6 20. Nde5 Be4 21. Re1 Qa6
22. Ra1 Nxe5 23. Nxe5 Bxg2 24. Kxg2 Qb6 25. Qd3 cxb4 26. cxb4 Ne4 27. Rxe4 dxe4
28. Qxe4 Rc3 29. Nd7 Qd6 30. Nc5 Rd8 31. Nb7 Qd3 32. Nc5 Qxe4+ 33. Nxe4 Rc2 34.
a4 Rd4 35. Nc5 Rxb4 36. Nd3 Rd4 37. Ne1 Rdc4 38. Nxc2 Rxc2 39. Rb1 Rc8 40. a5
1-0

[Event "AUTO-OPEN-23"]
[Site "http://www.queenalice.com/game.php?id=6259"]
[Date "2005.3.5"]
[Round "2"]
[White "kynyo"]
[Black "ArmerRitter"]
[Result "1-0"]
[WhiteElo "1467"]
[BlackElo "1764"]

1. d4 d5 2. c4 c6 3. Nf3 Nf6 4. Nc3 Bg4 5. Qd3 e6 6. a3 Bf5 7. Qd2 Bd6 8. e3
Nbd7 9. c5 Bc7 10. Bd3 Bxd3 11. Qxd3 e5 12. dxe5 Nxe5 13. Nxe5 Bxe5 14. Rb1 O-O
15. O-O Qc7 16. f4 Bxc3 17. Qxc3 Ne4 18. Qd4 Rae8 19. b4 f6 20. Bb2 Re7 21. Ba1
Rfe8 22. Rfe1 b6 23. cxb6 axb6 24. Rbc1 1-0

[Event "AUTO-OPEN-23"]
[Site "http://www.queenalice.com/game.php?id=6260"]
[Date "2005.3.5"]
[Round "2"]
[White "ArmerRitter"]
[Black "kynyo"]
[Result "1-0"]
[WhiteElo "1775"]
[BlackElo "1469"]

1. e4 e5 2. Nf3 d6 3. Bc4 h6 4. O-O Nf6 5. Nc3 c6 6. d4 exd4 7. Qxd4 Be7 8. Bf4
O-O 9. Rad1 Bg4 10. Bxd6 Bxf3 11. gxf3 Bxd6 12. Qxd6 Qb6 13. e5 Qxb2 14. exf6
Qxc3 15. Qxf8+ 1-0

[Event "AUTO-OPEN-23"]
[Site "http://www.queenalice.com/game.php?id=6265"]
[Date "2005.3.5"]
[Round "2"]
[White "blikinn"]
[Black "ArmerRitter"]
[Result "1-0"]
[WhiteElo "1748"]
[BlackElo "1670"]

1. d4 c6 2. c4 d5 3. e3 Bf5 4. Qb3 Qc7 5. Nf3 e6 6. c5 Nf6 7. Nc3 Be7 8. Nh4 Bg4
9. h3 Bh5 10. Be2 Bxe2 11. Kxe2 O-O 12. Nf3 Nbd7 13. Re1 1-0

[Event "AUTO-OPEN-23"]
[Site "http://www.queenalice.com/game.php?id=6266"]
[Date "2005.3.5"]
[Round "2"]
[White "ArmerRitter"]
[Black "blikinn"]
[Result "0-1"]
[WhiteElo "1657"]
[BlackElo "1761"]

1. e4 e5 2. Nf3 d6 3. Bc4 h6 4. O-O Nf6 5. Nc3 Bg4 6. h3 Bh5 7. d4 exd4 8. Qxd4
Bxf3 9. gxf3 Qd7 10. Nd5 Nxd5 11. exd5 f6 12. Re1 Kf7 13. Re6 b5 0-1